Jugadores del Atlético de Madrid - ¡Muerte súbita! - Estadísticas

Estadísticas generales
  • Esta prueba ha sido intentada 153 veces
  • La puntuación promedio es 14 de 20
Answers on the Grid
Answers color-coded by a green-red scale on the quiz's grid according to % correct below.
Antoine Griezmann
Stefan Savić
Diego Godín
Rodrigo De Paul
Thomas Lemar
João Félix
Koke
Axel Witsel
Kieran Trippier
Thiago Motta
Jan Oblak
Lucas Hernandez
Rodri
Radamel Falcao
Diego Costa
Sergio Agüero
Juanfran
Miranda
Mario Mandžukić
Lucas Torreira
Iago Aspas
Nicolás Otamendi
Nicolò Zaniolo
Fabián Ruiz
Emilio Butragueño
Cesc Fàbregas
Dani Parejo
Billy Ketkeophomphone
Artem Dovbyk
Lamine Yamal
Dani Alves
Matthijs de Ligt
Arkadiusz Milik
Arturo Vidal
Aymeric Laporte
Theo Hernández
 
Estadísticas de respuestas
Respuesta % Correcto
Diego Godín
80%
João Félix
78%
Juanfran
77%
Koke
77%
Radamel Falcao
77%
Rodrigo De Paul
77%
Antoine Griezmann
76%
Diego Costa
75%
Stefan Savić
75%
Thomas Lemar
74%
Jan Oblak
73%
Rodri
73%
Sergio Agüero
71%
Axel Witsel
70%
Kieran Trippier
68%
Lucas Hernandez
64%
Mario Mandžukić
63%
Miranda
62%
Lucas Torreira
51%
Thiago Motta
37%
No se encontraron pruebas coincidentes
Distribución de puntuación
Porcentaje de gente con cada puntuación
Porcentaje por número respondido
Historial de tus puntuaciones
No has intentado esta prueba.